<?xml version="1.0" encoding="UTF-8"?>
<record
    xmlns:xsi="http://www.w3.org/2001/XMLSchema-instance"
    xsi:schemaLocation="http://www.loc.gov/MARC21/slim http://www.loc.gov/standards/marcxml/schema/MARC21slim.xsd"
    xmlns="http://www.loc.gov/MARC21/slim">

  <leader>01248cam a22003133a 4500</leader>
  <controlfield tag="001">0000673</controlfield>
  <controlfield tag="003">DO-SdBNP</controlfield>
  <controlfield tag="005">20180130082410.0</controlfield>
  <controlfield tag="007">0000673</controlfield>
  <controlfield tag="008">861112   2006  sp a        000 0 spa d</controlfield>
  <datafield tag="010" ind1=" " ind2=" ">
    <subfield code="a"> </subfield>
  </datafield>
  <datafield tag="020" ind1=" " ind2=" ">
    <subfield code="a">9972625419</subfield>
  </datafield>
  <datafield tag="040" ind1=" " ind2=" ">
    <subfield code="a">BPMSU</subfield>
    <subfield code="c">spa</subfield>
    <subfield code="d">BPMSU</subfield>
    <subfield code="d"> </subfield>
  </datafield>
  <datafield tag="245" ind1="0" ind2="3">
    <subfield code="a">El libro de las preguntas y las respuestas /</subfield>
    <subfield code="c">textos Eva Font, Bernardo S&#xE1;nchez ; ilustraci&#xF3;n Jorge Fenosa, Luis Monta&#xF1;&#xE1;, Marta Monta&#xF1;&#xE1;, Jos&#xE9; Torres ; direcci&#xF3;n editorial Jaime Vi&#xF1;als.</subfield>
  </datafield>
  <datafield tag="260" ind1=" " ind2=" ">
    <subfield code="a">Barcelona :</subfield>
    <subfield code="b">Lexus,</subfield>
    <subfield code="b">Thema equipo editorial,</subfield>
    <subfield code="c">2006.</subfield>
  </datafield>
  <datafield tag="300" ind1=" " ind2=" ">
    <subfield code="a">143 p</subfield>
    <subfield code="b">il. ;</subfield>
    <subfield code="c">28 cm.</subfield>
  </datafield>
  <datafield tag="505" ind1="2" ind2=" ">
    <subfield code="t">Ciencias y naturaleza: nuestro planeta --</subfield>
    <subfield code="t">Naturaleza: animales y plantas -- </subfield>
    <subfield code="t">El espacio -- </subfield>
    <subfield code="t">El cuerpo humano --</subfield>
    <subfield code="t">Gentes, costumbres y lugares -- </subfield>
    <subfield code="t">Historia: personajes, hechos, curiosidades... -- </subfield>
    <subfield code="t">El transporte: ayer y hoy -- </subfield>
    <subfield code="t">Deportes -- </subfield>
    <subfield code="t">Arte -- </subfield>
  </datafield>
  <datafield tag="600" ind1="0" ind2="0">
    <subfield code="a"> </subfield>
    <subfield code="x"> </subfield>
  </datafield>
  <datafield tag="700" ind1="1" ind2="2">
    <subfield code="a">Font, Eva,</subfield>
    <subfield code="e">textos</subfield>
  </datafield>
  <datafield tag="700" ind1="1" ind2="2">
    <subfield code="a">S&#xE1;nchez, Bernardo</subfield>
    <subfield code="e">textos</subfield>
  </datafield>
  <datafield tag="700" ind1="1" ind2="2">
    <subfield code="a">Fenosa, Jorge</subfield>
    <subfield code="e">il.</subfield>
  </datafield>
  <datafield tag="700" ind1="1" ind2="2">
    <subfield code="a">Monta&#xF1;&#xE1;, Luis</subfield>
    <subfield code="e">il.</subfield>
  </datafield>
  <datafield tag="700" ind1="1" ind2="2">
    <subfield code="a">Monta&#xF1;&#xE1;, Marta</subfield>
    <subfield code="e">il.</subfield>
  </datafield>
  <datafield tag="700" ind1="1" ind2="2">
    <subfield code="a">Torres, Jos&#xE9;</subfield>
    <subfield code="e">il.</subfield>
  </datafield>
  <datafield tag="700" ind1="1" ind2="2">
    <subfield code="a">Vi&#xF1;als, Jaime</subfield>
    <subfield code="e">direcc.</subfield>
  </datafield>
  <datafield tag="942" ind1=" " ind2=" ">
    <subfield code="2">ddc</subfield>
    <subfield code="c">BK</subfield>
  </datafield>
  <datafield tag="945" ind1=" " ind2=" ">
    <subfield code="a">Inventariado, 2018 /LP</subfield>
  </datafield>
  <datafield tag="952" ind1=" " ind2=" ">
    <subfield code="0">0</subfield>
    <subfield code="1">0</subfield>
    <subfield code="2">ddc</subfield>
    <subfield code="4">0</subfield>
    <subfield code="7">0</subfield>
    <subfield code="8">CG</subfield>
    <subfield code="a">BPMET</subfield>
    <subfield code="b">BPMET</subfield>
    <subfield code="d">2016-09-14</subfield>
    <subfield code="e">Compra</subfield>
    <subfield code="g">1050.00</subfield>
    <subfield code="l">0</subfield>
    <subfield code="p">BPMSU16090277</subfield>
    <subfield code="r">2016-09-14</subfield>
    <subfield code="w">2016-09-14</subfield>
    <subfield code="y">BK</subfield>
  </datafield>
  <datafield tag="956" ind1=" " ind2=" ">
    <subfield code="2">YLOCKWARD</subfield>
    <subfield code="3">10</subfield>
    <subfield code="8">BPMSU</subfield>
  </datafield>
  <datafield tag="999" ind1=" " ind2=" ">
    <subfield code="c">11376</subfield>
    <subfield code="d">11376</subfield>
  </datafield>
</record>
